Chandra Sanskrit byakaran (H) (Record no. 9367)
[ view plain ]
| 000 -LEADER | |
|---|---|
| fixed length control field | 00466cam a2200193ua 4500 |
| 001 - CONTROL NUMBER | |
| control field | 10387 |
| 005 - DATE AND TIME OF LATEST TRANSACTION | |
| control field | 20260515114622.0 |
| 008 - FIXED-LENGTH DATA ELEMENTS--GENERAL INFORMATION | |
| fixed length control field | 181008n ii |||gr||||Z||||||hin |
| 020 ## - INTERNATIONAL STANDARD BOOK NUMBER | |
| International Standard Book Number | 9788120824942 |
| 040 ## - CATALOGING SOURCE | |
| Transcribing agency | MAIN |
| 041 ## - LANGUAGE CODE | |
| Language code of text/sound track or separate title | hin |
| 082 ## - DEWEY DECIMAL CLASSIFICATION NUMBER | |
| Classification number | 491.25 |
| 245 ## - TITLE STATEMENT | |
| Title | Chandra Sanskrit byakaran (H) |
| Statement of responsibility, etc. | By Nemichandra Shastri |
| 250 ## - EDITION STATEMENT | |
| Edition statement | 2nd rep. |
| 260 ## - PUBLICATION, DISTRIBUTION, ETC. | |
| Place of publication, distribution, etc. | Delhi: |
| Name of publisher, distributor, etc. | Motilal Benarasidas, |
| Date of publication, distribution, etc. | 2016. |
| 300 ## - PHYSICAL DESCRIPTION | |
| Extent | 303p. |
| 653 ## - INDEX TERM--UNCONTROLLED | |
| Uncontrolled term | Sanskrit Grammar |
| 942 ## - ADDED ENTRY ELEMENTS (KOHA) | |
| Koha item type | Books |
| Withdrawn status | Lost status | Damaged status | Not for loan | Home library | Current library | Shelving location | Date acquired | Total checkouts | Full call number | Barcode | Date last seen | Copy number | Price effective from | Koha item type |
|---|---|---|---|---|---|---|---|---|---|---|---|---|---|---|
| Naharkatiya College Library | Naharkatiya College Library | General stacks | 09/19/2020 | 491.2 | SHA | 24023 | 09/19/2020 | 1 | 09/19/2020 | Books | |||||
| Naharkatiya College Library | Naharkatiya College Library | General stacks | 09/19/2020 | 491.25 | SHA | 24024 | 09/19/2020 | 2 | 09/19/2020 | Books |